| 000 | 00897nam a2200229 a 4500 | ||
|---|---|---|---|
| 001 | 000018508 | ||
| 005 | 20200929165821.0 | ||
| 008 | 100511s2009 dr ac 000 0 spa d | ||
| 020 | _a9789945871005 | ||
| 040 |
_aDO-SdBNP _bspa _cBNPHU |
||
| 082 |
_a394.13 _bA452m |
||
| 100 | 1 |
_aAlmonte, Raphy _940037 |
|
| 245 | 1 | 0 |
_aMis vivencias : _b¡cotorra e' borracho! / _cRaphy Almonte. |
| 260 |
_aSanto Domingo : _bDespacho Creativo, _c2009. |
||
| 300 |
_a136 p. : _bil., retrs. ; _c21 cm. |
||
| 500 | _aIncluye datos biográficos del autor en las solapas | ||
| 590 | _aLa biblioteca posee 3 ejemplares autografiados por el autor | ||
| 650 | 4 |
_aConsumo de bebidas alcoholicas _xAspectos sociales _940038 |
|
| 650 | 4 |
_aHumoristas _zRepública Dominicana _xRelatos personales _940039 |
|
| 651 | 4 |
_aRepública Dominicana _xVida Social Y Costumbres _xAnécdotas, Chistes, Sátiras Etc. _940040 |
|
| 049 | _aBNPD | ||
| 999 |
_c18028 _d18028 |
||